Diccionario manual para el estudio de antigüedades ... / (Record no. 162448)

MARC details
000 -LEADER
campo de control de longitud fija 00844nam a2200205 i 4500
001 - NÚMERO DE CONTROL
campo de control 162448
003 - IDENTIFICADOR DE NÚMERO DE CONTROL
campo de control ES-MaACL
005 - FECHA Y HORA DE LA ÚLTIMA TRANSACCIÓN
campo de control 20250730063143.0
008 - DATOS DE LONGITUD FIJA--INFORMACIÓN GENERAL
campo de control de longitud fija 931025s1846 sp |||| | spa d
100 1# - ENTRADA PRINCIPAL--NOMBRE DE PERSONA
Nombre de persona Ponzóa Cebrian, Félix,
Fechas asociadas al nombre n. 1802
9 (RLIN) 131278
245 10 - MENCIÓN DEL TÍTULO
Título Diccionario manual para el estudio de antigüedades ... /
Mención de responsabilidad, etc. por Félix Ponzóa Cebrian y Joaquin María Rovér de Roselló.
260 ## - PUBLICACIÓN, DISTRIBUCIÓN, ETC.
Lugar de publicación, distribución, etc. Palma :
Nombre del editor, distribuidor, etc. [s.n.],
Fecha de publicación, distribución, etc. 1846 (
Fabricante Imprenta de Pedro José Gelabert)
300 ## - DESCRIPCIÓN FÍSICA
Extensión 345 p. ;
Dimensiones 20 cm.
530 ## - NOTA DISPONIBLE DE FORMULARIO FÍSICO ADICIONAL
Nota de formato físico adicional disponible Disponible en formato digital.
650 #4 - PUNTO DE ACCESO ADICIONAL DE MATERIA--TÉRMINO DE MATERIA
Término de materia o nombre geográfico como elemento de entrada Historia antigua-
Subdivisión de forma Diccionarios.
9 (RLIN) 163535
700 1# - ENTRADA AGREGADA--NOMBRE PERSONAL
Nombre de persona Rovér de Rosselló, Joaquín María.
9 (RLIN) 132131
852 ## - LOCALIZACIÓN
Ubicación ES-MaACL
Número de control de estantería G-15602
Nota libre -- Enc. hol.
856 ## - LOCALIZACIÓN Y ACCESO ELECTRÓNICOS
Identificador Uniforme de Recursos <a href="http://bdh-rd.bne.es/viewer.vm?id=0000038731&page=1 ">http://bdh-rd.bne.es/viewer.vm?id=0000038731&page=1 </a>
Nota pública Biblioteca Digital Hispánica
Holdings
Estatus retirado Estado de pérdida Estado de daño No para préstamo Colección Biblioteca de origen Biblioteca actual Ubicación en estantería Fecha de adquisición Fuente de adquisición Total de préstamos Signatura topográfica completa Código de barras Visto por última vez Precio de reemplazo Tipo de ítem Koha
        Colección digital Biblioteca del Ateneo de Madrid Biblioteca del Ateneo de Madrid Sala Pecera Planta 3 17/01/2008     G-15602 1170185 23/02/2023 23/02/2023 Libro impreso antiguo